000 00694cab a2200277 4500
001 ABS53391
008 090401t1995 xxu||||| |||| 00| 0 eng d
035 _a(Sirsi) u3893
041 _aeng
245 _aEstates Times Survey: North and West Yorkshire
260 _c1995
350 _a0
490 _aEstates Times
_v(1289) 28 July 1995, 11-18(8)
650 _aELECTRIC LIGHT RAILWAY
650 _aHARROGATE
650 _aHUDDERSFIELD
650 _aINVESTMENT
650 _aLEEDS
650 _aOFFICES
650 _aRETAIL
650 _aSUPERTRAM
650 _aYORK
690 _aPROPERTY-COMMERCIAL PROPERTY-COMMERCIAL PROPERTY MARKET
942 _n0
948 _c04/03/1997
999 _c2348
_d2348